| 000 | 00714nam a22002057a 4500 | ||
|---|---|---|---|
| 999 |
_c1902 _d1902 |
||
| 003 | AR-CdUCM | ||
| 008 | 190228b ||||| |||| 00| 0 spa d | ||
| 040 |
_aMUNICIPALIDAD PROVINCIAL DEL CUSCO _cBIBLIOTECA MUNICIPAL DEL CUSCO |
||
| 082 |
_a869.56 / _bG69 |
||
| 100 |
_aGonzález Vigil, Ricardo _91199 |
||
| 245 | _aA flor de mundo / | ||
| 260 |
_aTrujillo : _bMunicipalidad provincial de trujilo. Casa del Artista, _bEdisiones SEA, _c1992. |
||
| 300 |
_a35 páginas , _c20 cm. |
||
| 440 |
_aColección homenaje al centenario de César Vallejo. _n13. _96960 |
||
| 650 |
_aPoesías peruanas _91481 |
||
| 650 |
_aPoesías siglo XX _93861 |
||
| 650 |
_aLiteratura peruana _9169 |
||
| 942 |
_2ddc _cLIBROS |
||
| 945 | _azta | ||